Stanovisko k návrhu koncepce.

Diskusný príspevok z konferencie k otázkam územného plánovania. Niektoré hlavné zásady obsiahnuté v Návrhu koncepcie novej právnej úpravy územného plánovania a stavebného poriadku - koncentračná zásada. Sporné otázky systematiky územného plánovania.

Na minha lista:
Detalhes bibliográficos
Autor principal: Florian, J.
Formato: Capítulo de Livro
Idioma:tcheco
Assuntos:
Tags: Adicionar Tag
Sem tags, seja o primeiro a adicionar uma tag!

MARC

LEADER 00000naa a2200000 4500
001 r005747
005 20221125081542.9
041 0 |a cze 
044 |a [CS] 
245 1 0 |a Stanovisko k návrhu koncepce.  |c J. Florian 
520 |a Diskusný príspevok z konferencie k otázkam územného plánovania. Niektoré hlavné zásady obsiahnuté v Návrhu koncepcie novej právnej úpravy územného plánovania a stavebného poriadku - koncentračná zásada. Sporné otázky systematiky územného plánovania. 
610 2 0 |a plánovanie územné 
610 2 0 |a koncepcie 
610 2 0 |a predpisy právne 
610 2 0 |a stavebníctvo 
610 2 0 |a konferencie 
100 1 |a Florian, J.